Statistics for Morocco Country Quiz

Click here to take the quiz!

General Stats

  • This quiz has been taken 18,252 times
    (18,208 since last reset)
  • The average score is 14 of 20

Answer Stats

ClueAnswer% Correct
African countries that border MoroccoAlgeria
97%
Official languagesArabic
97%
Foreign language that an estimated
35% of Moroccans can speak
French
93%
Most populous cityCasablanca
91%
African countries that border MoroccoMauritania
90%
Capital cityRabat
90%
Strait between Morocco and SpainStrait of
{Gibraltar}
90%
City that gave its name to a type
of red hat with a tassle
Fez
85%
Region, claimed by Morocco, that
some consider to be a country
Western
Sahara
80%
Largest mountain ranges
(name either)
Atlas / Rif
73%
Nearby Spanish archipelagoCanary Islands
71%
Official languagesBerber
65%
Old-fashioned term for the
North Africans who invaded Iberia
Moors
63%
Region of North Africa that Morocco
is part of (hint: starts with M)
Maghreb
56%
Name one of the Spanish
"exclaves" bordering Morocco
Ceuta / Melilla
51%
Morocco's national dish:
tiny balls of crushed wheat
Couscous
47%
Ancient sea-faring civilization that
colonized Morocco before 1000 B.C.
Phoenicia
41%
Northernmost city in Morocco,
once an international zone
Tangier
41%
National animal, now extinctBarbary {Lion}
36%
K word that refers to a fortress or keepKasbah
27%

Score Distribution

Percentile by Number Answered

Percent of People with Each Score

Your Score History

You have not taken this quiz since the last reset